| 000 | 00830nam0a2200289 i 4500 | ||
|---|---|---|---|
| 001 | RU\NLR\BIBL_A\010410824 | ||
| 005 | 20240726084652.0 | ||
| 010 |
_a9785913668134 _9100 |
||
| 021 |
_aRU _b2014-31850 _91952 |
||
| 035 | _a(NILC)RuMoRGB-007487501 | ||
| 035 | _a(NLR Aleph) 010410824 | ||
| 090 |
_a9756559 _c9756559 |
||
| 100 | _a20140701d2014 um y0rusy50 ca | ||
| 101 | 0 | _arus | |
| 102 | _aRU | ||
| 105 | _ay|||z|||000ay | ||
| 200 | 1 |
_aActus fidei _e[роман] _fИгорь Агейчев |
|
| 210 |
_aМосква _cУ Никитских ворот _d2014 |
||
| 215 |
_a178, [1] с. _d19 |
||
| 686 | 2 | _aШ6(2=Р)8-445 | |
| 700 | 1 |
_aАгейчев _bИ. _gИгорь _4070 |
|
| 801 | 0 |
_aRU _bРГБ _c20140512 _gRCR |
|
| 942 | _cBOOK | ||
| 980 | _aNBR | ||